Biografía de Chile

Zapisane w:
Opis bibliograficzny
1. autor: Almeyda Arroyo, Elías (Autor)
Format: Książka
Język:hiszpański
Wydane: Santiago Zamorano y Caperán 1943
Wydanie:13a. ed
Hasła przedmiotowe:
Etykiety: Dodaj etykietę
Nie ma etykietki, Dołącz pierwszą etykiete!

MARC

LEADER 00000nam a2200000 a 4500
001 UCJ5334
003 CL-VaPUC
008 070124e19430000CL |||||||||||||||||spa|d
082 0 4 |a 983  |b ALM  |2 21 
100 0 |a Almeyda Arroyo, Elías  |e author  |9 510407 
245 1 0 |a Biografía de Chile 
250 |a 13a. ed 
300 |a 445 p 
942 |c BK 
945 |d 20070124 00:00:00  |a rinostro 
260 |a Santiago  |b Zamorano y Caperán  |c 1943 
500 |a Mapas y numerosas fotografías de regular calidad 
650 0 |a Historia  |9 255047 
650 0 |a Geografía  |9 259346 
650 7 |a TEXTO ESCOLAR  |2 CL-VaPUC  |9 429086 
650 0 |a Recursos naturales  |9 255232 
650 0 |a Población  |9 257577 
650 0 |a Mapas  |9 260844 
650 0 |a Ilustraciones  |9 369481 
651 7 |a CHILE  |2 CL-VaPUC  |9 510408 
583 |a last modification  |c 20070124 00:00:00  |k Rodrigo Vera 
999 |c 321444  |d 321442 
952 |0 0  |1 0  |4 0  |6 983_000000000000000_ALM_1943  |7 0  |8 X  |9 400181  |a FDOBUD  |b FDOBUD  |d 2019-11-22  |i 1033247  |o 983 ALM 1943  |p 1033247  |r 2019-11-22  |w 2019-11-22  |y BK_X  |k BUD